Aerobiology of chhattisgarh / (Record no. 195554)

MARC details
000 -LEADER
fixed length control field 00598nam a22001937a 4500
005 - DATE AND TIME OF LATEST TRANSACTION
control field 20230403143251.0
010 ## - LCCN (DPL NO)
LC control number ENG-136583
020 ## - INTERNATIONAL STANDARD BOOK NUMBER
International Standard Book Number 9788195308385
Terms of availability 199.00
035 ## - SYSTEM CONTROL NUMBER
System control number EN-120115
037 ## - SOURCE OF ACQUISITION
Source of stock number/acquisition DBAD/PUB
082 ## - DEWEY DECIMAL CLASSIFICATION NUMBER
Classification number 614.4395421
100 ## - MAIN ENTRY--PERSONAL NAME
Personal name Shukla, Sandeep
245 ## - TITLE STATEMENT
Title Aerobiology of chhattisgarh /
Statement of responsibility, etc by Sandeep Shukla
250 ## - EDITION STATEMENT
Edition statement 1st ed.
260 ## - PUBLICATION, DISTRIBUTION, ETC. (IMPRINT)
Place of publication, distribution, etc Chhattisgarh
Date of publication, distribution, etc 2021
Name of publisher, distributor, etc Aditi Pblication
270 ## - ADDRESS
Address Near ICE Factory Opp Sakti Sound Service Gali Kushapur Raipur Chhattisgarh India
300 ## - PHYSICAL DESCRIPTION
Extent 140p.;
Dimensions 21cm(pbk)
942 ## - ADDED ENTRY ELEMENTS (KOHA)
Source of classification or shelving scheme Dewey Decimal Classification
Item type English Books
Classification part 614.4395421
Call number suffix SHU
Holdings
Withdrawn status Lost status Not for loan Collection code Home library Current library Date acquired Source of acquisition Cost, normal purchase price Full call number Barcode Copy number Cost, replacement price Koha item type
      Non-fiction Patel Nagar Patel Nagar 03/04/2023 DBAD/PUB 199.00 614.4395421 SHU EN-120115 1 199.00 English Books

© Delhi Public Library
Hit Counter
free hit counter